III Congreso de Economía Nacional : conclusiones recibidas conclusiones recibidas
Descripción Física:
41 p. ; 20 cm
Materias:
Economia -- Congressos
MARC
| LEADER | 00000nam a2200000Ia 4500 | ||
|---|---|---|---|
| 001 | 22112 | ||
| 008 | 160829s1918 xx 000 0 cat d | ||
| 080 | |a RF-15-56 | ||
| 100 | |a Congreso de Economía Nacional (3r : València : 1918) |9 47086 | ||
| 245 | |a III Congreso de Economía Nacional : |b conclusiones recibidas | ||
| 260 | |a Valencia : |b Tipografía de Enrique Vidal, |c 1918 | ||
| 300 | |a 41 p. ; |c 20 cm | ||
| 590 | |a Celebrat a València durant els dies 20 i 31 de maig de 1918. | ||
| 590 | |a Prové de 3745, exp. 63 | ||
| 650 | |a Economia |x Congressos |9 47087 | ||
| 856 | 4 | |u https://media.diba.cat/diba/fitxers/arxiu/fulletons/bib_22112_1918_baixa.pdf |y Accés lliure | |
| 856 | 4 | |u https://media.diba.cat/diba/fitxers/arxiu/fulletons/bib_22112_1918_baixa.pdf |y Accés lliure | |
| 901 | |a Arxiu | ||
| 942 | |n 1 |2 udc | ||
| 952 | |0 0 |1 0 |4 0 |6 RF1556 |7 1 |9 53659 |a Arxiu |b Arxiu |d 2016-12-01 |l 0 |o RF-15-56 |p 22112 |r 2016-12-01 00:00:00 |w 2016-12-01 |y ARXIU | ||
| 999 | |c 57525 |d 57525 | ||
| 900 | |a bib_22112_1918_baixa.pdf | ||